000 00910cam a22002653a 4500
001 3584
003 PGUSA
005 20140828083034.0
008 041101s2004||||xxu|||||s|||||000 e eng d
040 _aPGUSA
_beng
042 _adc
050 4 _aPQ
100 1 _aMontaigne, Michel de,
_d1533-1592
245 1 0 _aEssays of Michel de Montaigne — Volume 04
_h[electronic resource] /
_cMichel de Montaigne
260 _bProject Gutenberg,
_c2004
505 0 _aOf custom, and that we should not easily change a law received -- Various events from the same counsel -- Of pedantry.
506 _aPublic domain in the USA.
516 _aElectronic text
653 _aFrench essays -- Translations into English
700 1 _aCotton, Charles,
_d1630-1687
700 1 _aHazlitt, William Carew,
_d1834-1913
830 0 _aProject Gutenberg
_v3584
856 4 0 _uhttp://www.gutenberg.org/ebooks/3584
942 _cEB
999 _c232913
_d232913